[Event "KAZ Cup Women 2019"]
[Site "Almaty"]
[Date "2019.12.19"]
[Round "9.4"]
[White "Nakhbayeva, Guliskhan"]
[Black "Davletbayeva, Madina"]
[Result "1/2-1/2"]
[WhiteElo "2296"]
[BlackElo "2238"]
[Annotator "TA"]
[PlyCount "78"]
[EventDate "2019.12.12"]
[EventType "tourn"]
[EventCountry "KAZ"]
[SourceTitle "playchess.com"]
[Source "ChessBase"]
[SourceQuality "1"]

{[%evp 17,78,42,79,74,81,55,64,39,40,28,39,44,42,50,63,70,54,66,53,59,95,61,81,68,49,29,22,28,9,0,0,-67,-64,-66,53,64,56,-220,-247,-247,-247,-247,-247,-244,-244,-247,-147,-247,-180,-229,-38,-35,-47,-47,0,0,0,-25,0,0,0,-28,0]} 1. d4 d5 2. c4 dxc4 3. Nf3 Nf6 4. e3 e6 5. Bxc4 a6 6. O-O c5 7. Qe2 b5 8. Bd3 Bb7 9. dxc5 Bxc5 {[#]} 10. Bxb5+ $1 {[%mdl 512] D28: Queen's Gambit Accepted: Classical main line: 7 Qe2 with early ...Nc6} Nbd7 (10... axb5 11. Qxb5+) 11. Ba4 O-O 12. Nc3 {White is slightly better.} Qc7 13. h3 {[#]} Rac8 $146 ({Predecessor:} 13... Ne5 14. e4 Nxf3+ 15. Qxf3 {½-½ (16) Kasimdzhanov,R (2704)-Mamedyarov,S (2736) Berlin 2015}) 14. Bd2 Ba7 15. Rac1 Qd6 16. e4 Bb8 17. Rfd1 {Black must now prevent Bg5.} Ne5 18. Nxe5 Qxe5 19. f4 Ba7+ 20. Kh2 Qd4 {[%cal Rf6e4]} 21. e5 Nd5 22. Nxd5 Bxd5 23. Rxc8 Rxc8 24. Qxa6 (24. Bb3 $11) 24... Ra8 $1 $15 25. Bc6 Bxc6 (25... Qg1+ $1 $15 26. Rxg1 Bxg1+ {[%mdl 64] Discovered Attack} 27. Kxg1 Rxa6 28. Bxd5 exd5) 26. Qxc6 $14 Rd8 27. Be3 $2 {[%mdl 8192]} (27. Qf3 $14 {keeps the upper hand.}) 27... Qxd1 $19 28. Bxa7 {[%mdl 4096] Endgame KQR-KQB} Qd2 29. Qe4 Qxb2 30. a4 h5 31. a5 Rd5 (31... Qa1 $19 32. Bb6 Rd1 33. Qa8+ Kh7) 32. Bb6 (32. Qa4 $17) 32... Qa1 33. Qc4 {[#] With the idea a6.} h4 $2 (33... Rd1 $1 $19 34. Qc8+ Kh7 35. Qc2+ g6) 34. Qc8+ $1 $15 Kh7 {aiming for ...Rd1.} 35. Qc2+ $1 Kg8 (35... g6 $5 36. Qf2 $8 Rd1 37. Qxh4+ Kg8 $11) 36. Qc8+ Kh7 {Hoping for ...Rd1.} 37. Qc2+ $1 Kg8 (37... g6 $5 38. Qf2 $8 Kg8 39. Qxh4 Qf1 $11) 38. Qc8+ Kh7 {Strongly threatening ...Rd1.} 39. Qc2+ $1 Kg8 {Accuracy: White = 52%, Black = 41%.} (39... g6 $5 {[%cal Rd5d1]} 40. Qf2 Kg8 41. Qxh4 Rd2 $11) 1/2-1/2

[Event "KAZ Cup Women 2019"]
[Site "Almaty"]
[Date "2019.12.19"]
[Round "9.5"]
[White "Gvetadze, Sofio"]
[Black "Tomilova, Elena"]
[Result "1/2-1/2"]
[WhiteElo "2301"]
[BlackElo "2341"]
[Annotator "TA"]
[PlyCount "33"]
[EventDate "2019.12.12"]
[EventType "tourn"]
[EventCountry "KAZ"]
[SourceTitle "playchess.com"]
[Source "ChessBase"]
[SourceQuality "1"]

{[%evp 13,33,0,-9,-8,-11,-11,-2,-39,-37,-48,-39,-47,-42,-30,-37,-31,-14,-69,-62,-55,-47,-74]} 1. e4 e6 2. Qe2 c5 3. Nf3 Nc6 4. g3 g6 5. Bg2 Bg7 6. O-O Nge7 7. c3 O-O 8. Rd1 {C00: French: Unusual White 2nd moves} (8. Na3 d6 9. Nc2 e5 10. b4 h6 11. b5 Na5 12. d4 exd4 13. cxd4 Be6 14. Rd1 Bc4 15. Qe1 Bxb5 16. dxc5 {0-1 (50) Adhiban,B (2672)-Sadorra,J (2575) Chengdu 2017}) 8... e5 9. Na3 d5 10. d3 {The position is equal.} h6 11. exd5 Nxd5 12. Nc4 {[%cal Rf3e5]} Re8 $1 13. a4 b6 14. Nfd2 $146 ({Predecessor:} 14. Bd2 Qc7 15. Ng5 Rd8 16. Nf3 Bf5 {½-½ (32) Rasmussen,E (2314)-Cumming,D (2291) ICCF email 2014}) 14... f5 15. Ne3 (15. a5 $11 Rb8 16. axb6 axb6 17. Nb3) 15... Be6 $1 $15 16. Ndc4 Rc8 17. Qc2 1/2-1/2